000 01019nam a22003257a 4500
003 CHAP
005 20220329140057.0
008 971013s1934 r 00010 d
010 _a46651
011 _a47623
035 _a51766
040 _cCHAP
082 _a532.1
_bT54Y
100 0 0 _aTietjens, Oskar G.
_9113275
245 _aFundamentals of hydro-and aeromechanics; based on lectures
260 _aNew York :
_bMcGraw-Hill,
_c1934
300 _a270 p.
590 _aBATCH-UPD
_b10
_c20130110
_lUCH01
_h2205
590 _aBATCH-UPD
_b10
_c20130410
_lUCH01
_h1510
590 _aBATCH-UPD
_b10
_c20130913
_lUCH01
_h1940
590 _aCONVERSION
_b10
_c20130109
_lUCH01
_h1325
650 1 4 _aAerodinámica.
_91012
650 1 4 _aMecánica de fluídos.
_973821
700 0 _aPrandtl, L.
_991296
901 _aBK
942 _cLIBRO
949 _a532.1 T54Y
_bBC
_cBPA
_d-115669
_eBPA
_i51766
_si
949 _a532.1 T54Y
_bBC
_cBPA
_d-115671
_eBPA
_fc.2
_i51766
_si
949 _a532.1 T54Y
_bBC
_cBPA
_d-115673
_eBPA
_fc.3
_i51766
_si
999 _c46651
_d46651